000 00622nam a2200217 a 4500
001 17762
003 CO-ViMGA
008 141112s2004 ck r 000 u spa d
020 _a0746038755
040 _aCO-ViMGA
_bspa
_cCO-ViMGA
082 0 4 _aAMEb
100 1 _aAmery, Heather
_925187
245 1 0 _aEl buen Samaritano
260 _aLondres (Inglaterra),
_cUsborne,
_c1997
300 _a16.p.
490 _aCuentos de la biblia
590 _aForma de adquisición : Premio - Mincultura
650 1 4 _aBIBLIA - CUENTOS - LITERATURA
_925188
650 1 4 _aRELATOS BIBLICOS - LITERATURA INFANTIL
_925189
942 _2ddc
_cBK
999 _c27235
_d27235